Gesù scartato

Furkejuvvon:
Bibliográfalaš dieđut
Váldodahkki: Tantucci, Giordano
Materiálatiipa: Girji
Giella:eaŋgalasgiella
Fáddágilkorat: Lasit fáddágilkoriid
Eai fáddágilkorat, Lasit vuosttaš fáddágilkora!

MARC

LEADER 00000nam a2200000 4500
001 CDOM0000003829
003 mi
005 20250828101537.0
008 250828b |||||||| |||| 00| 0 eng d
040 |c mi 
100 |a Tantucci, Giordano 
245 1 |a Gesù scartato  
942 |2 ddc  |c BK 
952 |0 0  |1 0  |2 ddc  |4 0  |7 0  |9 8932  |a MI  |b MI  |d 2009-09-04  |i 5566  |l 0  |p CDOM5566  |r 2025-07-17 21:50:00  |w 2025-07-17  |x DONO  |y BK 
999 |c 7429  |d 7429